Т. 5 : 1936-1937; О библиотечном деле

Dettagli Bibliografici
Parent link:О библиотечном деле: сборник трудов/ Н. К. Крупская; Государственная библиотека СССР им. В.И. Ленина. Т. 5 : 1936-1937.— , 1982-
Lingua:russo
Pubblicazione: 1986
Soggetti:
Natura: MixedMaterials Libro
KOHA link:https://koha.lib.tpu.ru/cgi-bin/koha/opac-detail.pl?biblionumber=277861

MARC

LEADER 00000nam2a2200000 4500
001 277861
005 20231101235045.0
035 |a (RuTPU)RU\TPU\book\301138 
090 |a 277861 
100 |a 20141206d1982 k y0rusy5003 ca 
101 0 |a rus 
102 |a RU 
105 |a ac z 001zy 
200 0 |a Т. 5 : 1936-1937 
210 |d 1986 
215 |a 416 с.  |c ил. 
320 |a Указатели: с. 399-409 
461 1 |0 (RuTPU)RU\TPU\book\293095  |t О библиотечном деле  |o сборник трудов  |o в 6 т.  |f Н. К. Крупская  |g Государственная библиотека СССР им. В.И. Ленина  |v Т. 5 : 1936-1937  |d 1982-  
606 1 |a Библиотечное дело  |2 stltpush  |3 (RuTPU)RU\TPU\subj\28615  |9 52132 
610 1 |a библиотековедение 
610 1 |a библиотековеды 
610 1 |a библиотеки 
610 1 |a теория 
610 1 |a история 
610 1 |a классики 
610 1 |a произведения 
610 1 |a письма 
686 |a Ч73  |2 rubbk 
801 0 |a RU  |b RuMRKP  |c 19950704  |g psbo 
801 1 |a RU  |b 63413507  |c 20141206 
801 2 |a RU  |b 63413507  |c 20170407  |g RCR 
942 |c BK